000
00305nam a2200133Ia 4500
100
_a
Wagh/ D/B./ Sohoni/ R.G.
942
_c
BK
654
_a
Trigonometry
245
_a
Elementary trigonometry
260
_b
Educational Publishing
_a
Bombay
_c
1967
082
_a
516.24
300
_a
158
546
_a
ENGLISH
999
_c
18376
_d
18376